00376 2200157 4500001002100000005001500021035002000036245002300056100001200079300002800091260004300119082000800162084001400170020002200184990001200206INLIS00000000000266020250903085845 a0010-09250000071 aRundung /cAchi TM0 aAchi TM a190 hlm ;c14,5 x 21 cm aJakarta :bEmir Cakrawala Islam,c2025 a813 a813 ACH r a978-623-6698-68-6 a0755362